000 00345nam a2200145Ia 4500
003 OSt
005 20231218112143.0
008 170524s9999 xx 000 0 und d
020 _a9788126100699
040 _cIIMT UNIVERSITY
100 _aSINGH- P P
245 0 _aNEWS REPORTING & EDITING
260 _bANMOL PUB. : NEW DELHI
942 _2ddc
_c01
999 _c9211
_d9211